Apophthegmatvm Ex Optimis Vtrivsqve Lingvae scriptoribus per Des. Erasmum Roterod. collectorum, Libri octo. Cvm Gemino Indice Personarum ac rerum, siue sententiarum memorabilium, ab eodem auctore ad calcem operis magna cum diligentia adiectus

Bibliographic Details
Main Author: Erazmus Rotterdamský, asi 1466-1536 (Author, Dedicator)
Corporate Author: Fabritius, Walther et Gymnich, Johann III. (Kolín nad Rýnom, Nemecko) (Printer)
Other Authors: Fabritius, Walther, zomrel 1589 (Printer), Gymnich, Johann III., 1540-1596 (Printer)
Format: Book
Language:Latin
PhysicalDescription:[16], 753, [44] strán 8° 17 cm
Published: Coloniae Agrippinae Apud Gualtherum Fabricium, ﮟ Ioannem Gymnicum sub Monocerote M.D.LXX. [=1570]
Subjects:

MARC

LEADER 00000cam a2200000 a 4500
001 vtls001515598
003 SK-MaSNL
005 20260301142246.0
008 251112s1570 gw 00000 lat
015 |a SNBHFA1570 
035 |a urn:nbn:sk:snk-am00fjc2 
035 |a urn:nbn:sk:snk-am3ivem 
035 |a FC1F6E01-E239-49E8-B406-430B6D3D29B1 
040 |a SNK  |b slo  |c SNK  |e AACR2 
041 0 |a lat 
044 |a gw  |c DE 
072 7 |a 80  |x Filológia  |2 konspekt 
080 |a 80  |2 2011 
080 |a 165.742  |2 2011 
100 0 |a Erazmus Rotterdamský,  |d asi 1466-1536  |4 aut  |4 dto  |9 21683 
243 1 0 |a Apophthegmata 
245 1 0 |a Apophthegmatvm Ex Optimis Vtrivsqve Lingvae scriptoribus per Des. Erasmum Roterod. collectorum, Libri octo. Cvm Gemino Indice Personarum ac rerum, siue sententiarum memorabilium, ab eodem auctore ad calcem operis magna cum diligentia adiectus 
246 1 3 |a Apophthegmata 
260 |a Coloniae Agrippinae  |b Apud Gualtherum Fabricium, ﮟ Ioannem Gymnicum sub Monocerote  |c M.D.LXX. [=1570] 
300 |a [16], 753, [44] strán  |c 8°  |c 17 cm 
500 |a Dedikácia: Wilhelm ml. - knieža z Kleve a Jülichu; Erasmus, Desiderius 
500 |a Signet, iniciálky s ornamentálnym a figurálnym pozadím v rámčeku na 7 riadkov, kustódy 
504 |a Marginálie 
510 0 |a VD 16 E/2050 
546 |a Latinčina  |b Kurzíva 
561 |a Z knižnice františkánov v Bratislave.  |5 SNK ID 101001 
561 |a Proveniencia: Pečiatka Bibliotheca O. FF. M. Prov. Mariae.  |5 SNK ID 101001 
562 |a Rukopisné poznámky: H.R.M. - M. R. Iglaviae empt. 16 gs. alb. - Anno Dñ 1669 Fr. Hieronymus Nazolny Clericus obtulit hunc Libellum pro usu Fratrũ in Conuentu Nostro Posoniensi.  |5 SNK ID 101001 
563 |a Väzba: pôvodná, renesančná, žltá koža s ornamentálnou a figurálnou slepotlačou, poškodené spony.  |5 SNK ID 101001 
650 0 7 |a filológia  |2 SNKPH  |9 861 
650 0 7 |a humanizmus  |2 SNKPH  |9 20277 
655 7 |a staré tlače  |2 SNKPH  |9 69193 
700 0 |a M. R.  |4 fmo  |9 312436 
700 1 |a Fabritius, Walther,  |d zomrel 1589  |4 prt  |9 178844 
700 1 |a Nazolný, Hieronym  |d 1669  |4 fmo  |9 497581 
700 0 |a Wilhelm  |b V.,  |c knieža z Jülich-Kleve-Bergu,  |d 1516-1592  |4 hnr  |9 91453 
700 1 |a Gymnich, Johann  |b III.,  |d 1540-1596  |4 prt  |9 54386 
710 0 |a Fabritius, Walther et Gymnich, Johann III. (Kolín nad Rýnom, Nemecko)  |4 prt  |9 497582 
710 1 |a Františkáni (Bratislava, Slovensko)  |4 fmo  |9 281881 
752 |a Nemecko  |d Kolín nad Rýnom 
852 |a snk  |b Historické fondy  |p ID 101001 
958 |a ONDV 
999 |c 769641  |d 771571 
952 |t Fr Ba 4221  |a SNK  |b SNK  |c SNK_HF  |y PREZ  |7 0  |p 17A1355478  |o snkID 101001  |i snk2019/7158  |8 5  |0 0  |1 0  |4 0  |d 2005-04-05  |f 1  |l 0  |r 2005-04-05 00:00:00  |w 2026-02-24